| 000 | 00479nam a22001577a 4500 | ||
|---|---|---|---|
| 003 | PILC | ||
| 005 | 20150903154902.0 | ||
| 008 | 150903b xxu||||| |||| 00| 0 eng d | ||
| 020 | _a854354913 | ||
| 050 |
_aBF 637.S4 _b.D231 1970 |
||
| 100 | _aDass, Baba Ram | ||
| 245 |
_aDoing your own being : _bthe baba ram dass lecture at the menninger foundation / _cBaba Ram Dass. |
||
| 260 |
_aLondon : _bNeville Spearman, _c1970. |
||
| 300 |
_a121 pages ; _c23 cm. |
||
| 942 |
_2lcc _cBK _kFOR |
||
| 999 |
_c288604 _d288604 |
||